Konuşan Tarih Doruk'ta görülen yer Uşşak (Record no. 5810)

MARC details
000 -BAŞLIK
Sabit Uzunlukta Kontrol Alanı 00638na a2200217 4500
001 - KONTROL NUMARASI
Denetim Alanı 21785
003 - KONTROL NUMARASI IDENTIFIER
Denetim Alanı MIRAKIL
005 - SON İŞLEM TARİHİ VE ZAMANI
Denetim Alanı 20181213155048.0
008 - SABİT-BOY VERİ ELEMANLARI - GENEL BİLGİLER
Sabit Uzunlukta Kontrol Alanı 170207b tu 000 0
040 ## - KATALOGLAMA KAYNAK
Orijinal Kataloglama Ajansı Milas
Kataloglama Dili tur
Metne Dönüştürmek Ajansı TR-AnCHP
041 ## - DİL KODU
Metin / Ses Parça Veya Ayrı Başlığın Dil Kodu tur
082 ## - DEWEY ONLU SINIFLANDIRMA NUMARASI
Sınıflandırma Numarası 956.216
Ürün Numarası H29k [2002]
090 ## - SINIFLAMA NUMARASI
Sınıflama Numarası 956.216 H29k [2002]
245 ## - BAŞLIK TABLOSU
Başlık Konuşan Tarih Doruk'ta görülen yer Uşşak
Sorumluluk Tablosu, Vb Derleyen Alaaddin Hazıroğlu
260 ## - YAYIN, DAĞITIM, VB
Yayın, Dağıtım, Vb Yeri İzmir
Yayıncı, Dağıtıcı, Vs Adı [yayl. y.]
Yayın, Dağıtım, Vb Tarihi [2002]
300 ## - FİZİKSEL TANIM
Kapsam xx, 479 s.
Diğer Fiziksel Ayrıntıları fotg.
Boyutlar 25 sm.
650 ## - KONU KATMA GİRİŞ - TOPİKAL DÖNEM
Topikal Süreli Veya Coğrafi Ad Giriş Elemanı Kurtuluş Savaşı
Coğrafi Alt Bölümü Uşak
650 ## - KONU KATMA GİRİŞ - TOPİKAL DÖNEM
Topikal Süreli Veya Coğrafi Ad Giriş Elemanı Kurtuluş Savaşı
Genel Alt Bölümü Tarih
Coğrafi Alt Bölümü Türkiye
700 ## - KATMA GİRİŞ - KİŞİSEL İSİM
Kişisel Ad Hazıroğlu, Alaaddin
942 ## - EKLENDİ GİRİŞ ELEMANLARI (KOHA)
Sınıflandırma Veya Raf Düzeni Kaynak
Koha Öğesi Türü Books
999 ## - SİSTEM KONTROL NUMARALARI (KOHA)
Koha Biblionumber 5810
Koha Biblioitemnumber 5810
Holdings
Kalıcı Konum Mevcut Konum Edinme Tarihi Edinim Kaynak Toplam Check-Out'Lar Tam Çağrı Numarası Barkod Tarih Son Görülme İtibaren Geçerli Fiyatlar Koha Öğesi Türü
CHP Kütüphanesi CHP Kütüphanesi 02/07/2017 Bağış   956.216 H29k [2002] 015578 02/07/2017 02/07/2017 Books